Characterization of the variable-number tandem repeats in vrrA from different Bacillus anthracis isolates /
में बचाया:
| अन्य लेखक: | , , , , , , , , , , |
|---|---|
| स्वरूप: | लेख |
| भाषा: | English |
| विषय: | |
| टैग : |
टैग जोड़ें
कोई टैग नहीं, इस रिकॉर्ड को टैग करने वाले पहले व्यक्ति बनें!
|
| Thư viện lưu trữ: | Thư viện Trường Đại học Đà Lạt |
|---|
| LEADER | 01262nam a2200433 4500 | ||
|---|---|---|---|
| 001 | DLU090096063 | ||
| 005 | ##20091201 | ||
| 040 | # | # | |a DLU |b eng |
| 041 | # | # | |a eng |
| 044 | # | # | |a us |
| 245 | # | # | |a Characterization of the variable-number tandem repeats in vrrA from different Bacillus anthracis isolates / |c P. J. Jackson ... [et al.]. |
| 653 | # | # | |a Aminoacid sequence |
| 653 | # | # | |a Bacillus anthracis |
| 653 | # | # | |a Bacteria |
| 653 | # | # | |a Genetic markers |
| 653 | # | # | |a Homology |
| 653 | # | # | |a Minisatellite DNA |
| 653 | # | # | |a Nucleotide sequence |
| 700 | # | # | |a Adair, D. M. |
| 700 | # | # | |a Andersen, G. L. |
| 700 | # | # | |a Hill, K. K. |
| 700 | # | # | |a Hugh-Jones, M. |
| 700 | # | # | |a Jackson, P. J. |
| 700 | # | # | |a Kalif, A. S. |
| 700 | # | # | |a Keim, P. |
| 700 | # | # | |a Kuske, C. R. |
| 700 | # | # | |a Richmond, K. L. |
| 700 | # | # | |a Walthers, E. A. |
| 700 | # | # | |a Wilson, K. H. |
| 773 | # | # | |t Applied and Environmental Microbiology |g Vol. 63, no. 4 (April 1997), p. 1400-1405 |
| 920 | # | # | |a Phòng Tạp chí -- Trung tâm Thông tin - Thư viện Trường Đại học Đà Lạt |
| 994 | # | # | |a DLU |
| 900 | # | # | |a True |
| 911 | # | # | |a Trương Bảo Trâm Anh |
| 925 | # | # | |a G |
| 926 | # | # | |a A |
| 927 | # | # | |a BB |
| 980 | # | # | |a Thư viện Trường Đại học Đà Lạt |